Le francais et la vie 2

保存先:
書誌詳細
第一著者: Mauger, Gaston et al
フォーマット: 図書
言語:Undetermined
出版事項: París, Francia Hachette 1972
主題:
タグ: タグ追加
タグなし, このレコードへの初めてのタグを付けませんか!

MARC

LEADER 00000nam a2200000Ia 4500
008 170316s9999 xx 000 0 und d
090 |a 415-F M-5f v.2 
100 |a Mauger, Gaston et al. 
245 |a Le francais et la vie 2 
260 |a París, Francia 
260 |b Hachette 
260 |c 1972 
300 |a 253 páginas 
650 |a GRAMÁTICA FRANCESA 
999 |c 19233  |d 19233 
040 |a cru BVZT 
942 |c 15 D  |h 415-F M-5f v.2  |2 z